[Event "North Wales Open"]
[Site "Llandudno"]
[Date "2019.06.22"]
[Round "2.6"]
[White "Shakespeare, John"]
[Black "Gogia, Armaan"]
[Result "1-0"]
[WhiteElo "1950"]
[BlackElo "1767"]
[Annotator "kemen"]
[PlyCount "63"]
[EventDate "2019.06.22"]
[EventRounds "5"]
[EventCountry "WLS"]

1. d4 Nf6 2. Nf3 g6 3. c4 Bg7 4. Nc3 O-O 5. e4 d6 6. Be2 e5 7. d5 a5 8. Bg5 h6
9. Bh4 Na6 10. Nd2 Qe8 11. O-O Bd7 12. b3 Nh7 13. a3 h5 14. f3 f5 (14... Bh6 {
main}) 15. Rb1 g5 16. Bf2 f4 17. b4 axb4 18. axb4 Rf6 (18... Qg6 {main}) (18...
b6) 19. c5 Bf8 (19... Rg6 20. c6 $18 bxc6 21. dxc6 Be6 22. Nd5 Qd8 23. Ra1 g4
24. fxg4 hxg4 25. Rxa6 Rxa6 26. Bxa6 g3 27. hxg3 fxg3 28. Be3 $18 {Banas-Szabo,
Balaton IM, Balatonboglar 2014, 1-0}) (19... g4 $5) 20. c6 $18 (20. cxd6 cxd6
21. h3 Rc8 22. Qb3 Rg6 23. Rfc1 Nf6 24. Kf1 g4 $11 {Anagnostopoulos-Grivas,
Ano Liosia op 1993,0-1}) 20... bxc6 21. dxc6 Be6 22. Nd5 Rf7 23. Qa4 {Deep
Fritz13} (23. Ra1 {Komodo13}) 23... Bxd5 (23... Nc5 24. Qc2 Na6 25. Ra1 {Deep
Fritz13}) (23... g4 24. Bxa6 g3 $5 {Komodo13}) 24. exd5 e4 25. fxe4 Nc5 (25...
g4 $5 {both Engines}) 26. Qc2 f3 27. Bxf3 g4 28. bxc5 {both Engines} gxf3 29.
Nxf3 Nf6 (29... dxc5) 30. Ng5 Rg7 31. Ne6 Rg4 32. Bd4 (32. h3 {Deep Fritz13}) (
32. Nxc7 {Komodo13}) 1-0

[Event "North Wales Open"]
[Site "Llandudno"]
[Date "2019.06.22"]
[Round "2.7"]
[White "Cukovs, Oleg"]
[Black "Van Kemenade, Julie"]
[Result "1/2-1/2"]
[WhiteElo "1910"]
[BlackElo "1718"]
[Annotator "kemen"]
[PlyCount "44"]
[EventDate "2019.06.22"]
[EventRounds "5"]
[EventCountry "WLS"]

1. e4 d6 2. d4 Nf6 3. Nc3 c6 4. Bg5 (4. f4) (4. Nf3 {main lines}) 4... Nbd7 5.
f4 (5. Nf3 {main}) 5... Qa5 6. Qd2 {main} (6. Bd3 {scores better}) 6... e5 7.
fxe5 (7. Nf3 {main}) 7... dxe5 8. dxe5 Ng4 (8... Nxe5 $15 9. Bxf6 (9. Nf3 {1
Wh win, 4 draws, 5 Bl wins}) 9... gxf6 {9 Bl wins, 4 draws}) 9. e6 fxe6 10. Bc4
{loses a tempo to Bl's next} (10. Be2 Ngf6 11. Nf3 Bb4 12. Bd3 (12. O-O Nxe4
13. Nxe4 Bxd2 14. Nd6+ Kf8 15. Nxd2+ Kg8 16. N2e4 Ne5 (16... h6 $11) 17. Rf2
$11 {Uzonyi-Kende, HUN ch tm 2008,1-0}) 12... O-O 13. O-O Ne5 14. Nxe5 Qxe5 15.
Bf4 Qa5 16. a3 Bxc3 17. Qxc3 Qxc3 18. bxc3 $16 {Bang-Ochsner,Haderslev op 1981,
1/2-1/2}) (10. h3 Nge5 11. Nf3 Bb4 12. Be2 O-O 13. Be3 Rd8 (13... b6 $11) (
13... Nc5 14. Nxe5 Nxe4 15. Nc4 Nxd2 16. Nxa5 Ne4 17. Nb3 Nxc3 18. bxc3 Bxc3+
19. Kd1 Bxa1 20. Nxa1 b6 $11 {Komodo13}) 14. Rd1 (14. O-O-O) 14... Nf7 $11 {
Atri-Dumjahn, Pinneberg ch 2014,1/2-1/2}) 10... Nde5 (10... h6 11. Bf4 e5 12.
Bg3 Bc5 13. Bb3 Ne3 14. Nf3 Rf8 $15 {Komodo13}) 11. Bb3 Bc5 12. Nge2 {after
some thought} (12. O-O-O O-O (12... Nf2 13. Qd8+ Qxd8 14. Rxd8+ Kf7 15. Rxh8
Nxh1 16. Nf3 Nxf3 17. gxf3 h6 18. Bd2 $18 Nf2 (18... b5 19. Ne2 Bb7 20. Rxa8
Bxa8 21. Nf4 Bd6 22. Nxe6 $18 {Komodo13}) (18... Bf8 19. Be3 Bd7 20. Bc4 g5 21.
Rh7+ Bg7 22. Bd4 Rg8 23. Nd1 c5 24. Rxg7+ Rxg7 25. Bxg7 Kxg7 26. Bf1 h5 27. Bg2
$18 {Komodo13}) 19. Ne2 Nh3 (19... Bf8 20. Nf4 Bd7 21. Be1 Re8 22. Rxf8+ Rxf8
23. Bxf2 $18) 20. f4 Ke7 21. f5 exf5 22. exf5 Nf2 23. Ng3 Ng4 24. Be6 Bxe6 25.
Rxa8 Bd5 26. Rb8 b5 27. Nh5 $18 {Komodo13}) 13. Nh3 h6 14. Bd8 b6 15. Rhe1 Rf7
$11 {Komodo13}) 12... Bf2+ $19 (12... h6 13. Nd1 Qb6 14. Bf4 O-O $19 {Komodo13}
) 13. Kd1 h6 (13... Bb6 14. Nd4 O-O 15. Kc1 Rf2 $19 {Komodo13}) (13... Nf7 14.
Bf4 Bb6 15. Rf1 O-O 16. Rf3 Nge5 17. Bxe5 Qxe5 18. Qf4 Qa5 19. Kd2 Bd8 20. Qg3
Qh5 21. Raf1 Bg5+ 22. Kd1 b6 $17 {Komodo13}) 14. Bf4 O-O 15. Bxe5 (15. h3 Rd8
16. Nd5 Qxd2+ 17. Kxd2 exd5 18. exd5 g5 19. hxg4 gxf4 20. Nxf4 Nxg4 21. Raf1
Kg7 $19 {Komodo13}) 15... Nxe5 (15... Qxe5 $1 $19 16. Qd3 (16. h3 Be3 17. hxg4
Bxd2) 16... Qg5 17. e5 (17. h3 Ne3+ 18. Kc1 Nc4+ 19. Kb1 Nd2+ $19) 17... Rd8
$19 {Komodo13}) 16. Nc1 (16. Kc1 Bh4 17. g3 Nf3 18. Qe3 Qb6 19. Qxb6 Bg5+ 20.
Nf4 axb6 21. Nce2 Kh7 22. e5 Ra5 23. h4 Nxh4 24. gxh4 Bxf4+ 25. Nxf4 Rxf4 26.
Kd2 Rxe5 $17 {Komodo13}) 16... Ng4 (16... Bh4 17. N3e2 Qb6 18. Nd3 Nxd3 19.
cxd3 Rf2 20. d4 Bd7 21. Qc3 Raf8 22. Rg1 Bg5 $19 {Komodo13}) (16... Qc5 17. Nd3
Nxd3 18. cxd3 Be3 19. Qe1 Rf2 20. Rf1 Rxb2 $19 {Komodo132}) 17. Nd3 Qh5 18. Qe2
(18. h3 c5 19. Qe2 Ne3+ 20. Kc1 Qxe2 21. Nxe2 c4 22. Nxf2 cxb3 23. Kd2 Nxc2 24.
Raf1 Rd8+ 25. Kc3 Ne3 26. Ra1 bxa2 27. Rxa2 e5 $19 {Komodo13}) 18... Be3 (18...
Qg5 $1 $19 {Komodo13} 19. e5 (19. g3 Ne3+ 20. Kc1 Nc4+ 21. Kd1 Nxb2+ 22. Nxb2
Bd4 23. Qd2 Qf6 24. Qf4 Qd8 25. Qd2 Bxc3 26. Qxd8 Rxd8+ 27. Kc1 b5 $19 {
Komodo13}) (19. a4 c5 $19 {Komodo13}) 19... Ne3+ 20. Kc1 Qxg2 21. Kd2 Rf3 22.
Ne4 Nc4+ 23. Bxc4 Be3+ 24. Kd1 Qxh1+ $19 {Komodo13}) 19. h3 Nf2+ 20. Nxf2 Qxe2+
21. Kxe2 Bxf2 22. Rhf1 Bd4 $15 {(draw?)} 1/2-1/2

[Event "North Wales Open"]
[Site "Llandudno"]
[Date "2019.06.22"]
[Round "2.8"]
[White "Whitehead, Mark A"]
[Black "Sandhu, Manvith"]
[Result "1/2-1/2"]
[WhiteElo "1901"]
[BlackElo "1602"]
[Annotator "kemen"]
[PlyCount "36"]
[EventDate "2019.06.22"]
[EventRounds "5"]
[EventCountry "WLS"]

1. e4 Nc6 2. Nf3 d6 3. h3 (3. d4 {main} Nf6 {used a number of times by Carlsen,
mostly in blitz}) 3... Nf6 4. Nc3 g6 5. d4 Bg7 6. Be3 O-O 7. Be2 (7. Qd2 {main
eg} a6 8. Bd3 e5 9. d5 Ne7 10. g4 c6 11. dxc6 bxc6 12. O-O-O d5 {
Movsesian-Carlsen, Wld ch Rapid, Riadh 2017,0-1}) 7... e5 8. d5 (8. dxe5 dxe5 (
8... Nxe5 {alternatives})) 8... Ne7 9. Qd2 Qd7 $146 (9... Ne8) (9... Bd7) (9...
c6) (9... Nxe4) 10. O-O-O {Komodo13} (10. O-O {Deep Fritz14}) 10... Rd8 11. g4
{Deep Fritz14} (11. Nh2 Qe8 12. Ng4 $16 {Komodo13}) 11... c6 12. Nh4 (12. Rhg1)
12... cxd5 13. exd5 Qc7 (13... b6 $11 {both Engines}) 14. f4 b6 (14... Qa5 {
Komodo13}) (14... exf4 15. Bxf4 a6 {Deep Fritz14}) 15. g5 (15. fxe5 Ne8 16. e6
$16 {Komodo13} (16. Nb5 $16 {Deep Fritz14})) 15... Ne8 (15... Nd7 {slight
preference- both Engines}) 16. Nb5 Qd7 17. c4 Ba6 (17... a6 18. Nc3 Rb8 $15 {
Komodo13- the Wh attack has stalled & Bl's is just beginning}) (17... exf4 18.
Bxf4 (18. Bd4 $14 {Komodo13, gaining squares on the K side}) 18... a6 19. Nc3 {
Deep Fritz14- Komodo13 considers =}) 18. Nc3 (18. Bg4 Qb7 19. Qb4 $11 {Komodo13
}) 18... Qc7 $15 {Deep Fritz14- (Bl offered a draw)} (18... Rac8 $17 {Komodo13}
) 1/2-1/2

[Event "North Wales Open"]
[Site "Llandudno"]
[Date "2019.06.22"]
[Round "2.9"]
[White "Hayward, Philip T"]
[Black "Pirga, Vlad"]
[Result "1-0"]
[WhiteElo "1976"]
[BlackElo "1513"]
[Annotator "kemen"]
[PlyCount "55"]
[EventDate "2019.06.22"]
[EventRounds "5"]
[EventCountry "WLS"]

1. c4 e5 2. g3 Bc5 3. Nc3 Nf6 4. Bg2 O-O 5. e3 Nc6 6. Nge2 a6 (6... d6 {main})
7. O-O Ne7 {commits Bl to giving up the centre} (7... d6) 8. d4 exd4 9. exd4
Ba7 10. Bg5 Ng6 $146 (10... Ne8 11. Re1 h6 12. Bf4 Nf5 13. Qd3 d6 14. Nd5 c6
15. Ne3 Qf6 16. Nxf5 Bxf5 17. Qb3 Rb8 {Yuyukin-Dansarov, Bajkal op, Ulan Ude
2013,0-1}) (10... Ng4 11. h3 h6 12. Bxe7 Nxf2 13. Bxd8 Nxd1 14. Raxd1 Rxd8 15.
Kh2 {Berg-Khalat,Rheinland ch, Mainz Laubenheim 2002,1-0}) 11. Ne4 $18 Re8 12.
N2c3 Nxe4 13. Bxd8 Nxc3 14. bxc3 Rxd8 {2 pieces for a Q only work in some very
unusual opening variations.Here, the pieces are scarcely even developed as yet}
15. h4 Rb8 16. h5 Nf8 17. h6 d6 18. hxg7 Kxg7 19. Qd2 (19. Qh5) 19... Bf5 20.
Rfe1 Ng6 21. a4 (21. Bxb7 {Komodo13} c5 (21... Rxb7 22. Qg5 Rbb8 23. Qxf5) 22.
Bd5 Rd7 23. Kg2) 21... a5 22. Bf3 (22. Qg5 Be6 23. Qxa5) 22... c5 23. Kg2 Re8
24. Qg5 (24. Rh1) 24... Bd7 25. Rh1 Rh8 26. Qh6+ Kg8 27. Rhd1 f6 28. Bd5+ 1-0

[Event "North Wales Open"]
[Site "Llandudno"]
[Date "2019.06.22"]
[Round "2.10"]
[White "Taylor, Robert Graham"]
[Black "Van Kemenade, Rudy"]
[Result "0-1"]
[WhiteElo "1833"]
[BlackElo "1931"]
[Annotator "kemen"]
[PlyCount "138"]
[EventDate "2019.06.22"]
[EventRounds "5"]
[EventCountry "WLS"]

1. Nf3 f5 2. d4 Nf6 3. c4 (3. g3 g6 4. Bg2 Bg7 5. c4 O-O 6. O-O d6 7. Nc3 c6 8.
Qc2 Na6 9. Bd2 Qe8 10. Rae1 Qf7 11. b3 h6 12. e4 {Taylor-Van Kemenade, WCPL
2016,1/2-1/2}) 3... g6 4. Nc3 Bg7 5. Qc2 O-O 6. e3 (6. e4 fxe4 7. Nxe4 Nxe4 (
7... d6 {28% for Wh}) 8. Qxe4 d6 {45% for Wh}) 6... d6 7. Be2 {Wh has a solid
position though Bl has more flexibility} Nc6 {37% for Wh} (7... Qe8 {35% for Wh
}) 8. d5 (8. a3 e5 {main, 37% for Wh, Bl has a superior King's Indian. The Wh
Q has been developed too early}) 8... Nb4 9. Qb3 {losing more time with the Q
while the Bl N gets to a good square} (9. Qd1 a5 10. Nd4 Bd7 11. a3 Na6 12. Rb1
c6 $15 {Semianiuk-Cori, Wld ch U16, Caldas Novas 2011,0-1}) (9. Qb1 a5 10. Nd4
e5 11. dxe6 c6 12. O-O Qe7 13. b3 f4 (13... Bxe6) 14. exf4 Nh5 15. Rd1 Nxf4 $15
{Sobeck-Kuraszkiewicz, BL 1992,0-1}) 9... Na6 {Deep Fritz13} (9... a5 {Komodo13
}) 10. O-O Nc5 (10... e5) 11. Qc2 e5 12. dxe6 {Though taking en passant, Wh
neglected to remove the Bl e pawn, pressing the clock & thus needed a bit of
encouragement to do so.} Bxe6 (12... Nxe6) 13. Nd4 Bf7 14. b3 a5 $11 15. Bb2
Re8 (15... Qe7 16. Rad1 c6) 16. Rad1 c6 17. a3 {weakens b3 & thus also c4} (17.
Nf3 h6 18. Ne1 Qe7 19. Nd3 $11 {Komodo13}) 17... Qe7 18. Nf3 Ng4 (18... Nfe4 {
Komodo13}) 19. Rfe1 Bh6 {threatening f2 & e3} 20. h3 Ne5 21. e4 f4 (21... Be6 {
Komodo13 also}) 22. Nxe5 dxe5 23. Bg4 Be6 (23... Bf8 24. Ne2 h5 25. Bf3 Bg7 $15
{Komodo13}) 24. Bf3 Bg7 25. Ne2 (25. Nd5 Qf7 26. Be2 Rad8 27. Nc3 $11 {Komodo13
}) 25... Qf7 (25... Bf7 $15) (25... b5 26. Nc1 bxc4 27. bxc4 a4 $11 (27... Rab8
$11)) 26. Nc1 g5 (26... h5 {looks better}) 27. Qe2 (27. a4 Qg6 28. Qe2 Bf7 29.
Bg4 h5 30. Bf5 Qf6 31. Bc3 $16 {Komodo13}) 27... Rf8 (27... Red8) 28. Bh5 Qc7
29. Rd2 Qb6 30. Rd6 (30. Bg4 Bf7 31. Bf5 Rad8 32. Red1 Rxd2 33. Rxd2 $11 {
Komodo13} Nxb3 $6 34. Nxb3 Qxb3 35. Qg4 Qxc4 (35... h6 36. h4 $18) 36. Qxg5 $16
) 30... Rad8 31. Red1 Qc7 32. R6d2 Rxd2 (32... Bf6) 33. Rxd2 Qb6 (33... b5 34.
cxb5 cxb5 35. Bg4 Bf7 36. Rc2 Qb6 37. Nd3 Nxd3 38. Qxd3 Rd8 39. Rc8 Rxc8 40.
Bxc8 $11 {Komodo13}) 34. Rd6 Bc8 (34... Bf7 35. Bxf7+ Rxf7 36. Qd1 Bf8 37. Rd2
Nxe4 38. Re2 Nxf2 39. Rxf2 e4 40. Kf1 e3 41. Rf3 $16 {Komodo13}) 35. Qc2 Rd8
36. Rxd8+ Qxd8 37. Bc3 (37. b4 Ne6 38. c5 Nd4 39. Bxd4 exd4 40. Qc4+ Kh8 41.
bxa5 Qxa5 42. Nd3 Qd8 (42... Qxa3 43. Qf7 $18) 43. Bg4 Bxg4 44. hxg4 Qe7 45. f3
$16 {and Wh's N is superior to the B}) 37... Be6 38. Be2 {Wh is getting way
behind on time & hoping to stabilize for a draw, rather than expand with} (38.
b4 axb4 39. axb4 Nd7 40. c5 Qa8 41. Qd2 $16) 38... b6 39. f3 {(draw?) However
Bl decided to play on as there looked to be good chances for pawn breaks on
either wing} h5 40. Nd3 Nd7 41. Nf2 Qe7 42. a4 {now Bl gets to have a longterm
plan of infiltrating with the K via c5} (42. b4 {had to be played, though the
position remains with possibilities. Bl was more than an hour ahead on the
clock as well.}) 42... Bf7 43. Nd3 Qd6 44. Nc1 (44. Qb2 Kh7 45. Kh2 Bf6 46. Kg1
$11 {Komodo13}) 44... Bf8 (44... Nc5 $15 {Komodo13}) 45. Qd1 Kg7 (45... Qxd1+ {
should be played, to prevent Wh from changing his mind about a Q swap. Qs are
good attackers, but can also defend several points at once, so their removal
can aid an attacker.}) 46. Qxd6 (46. Nd3 {Komodo13} Nc5 $2 47. Bxe5+) 46...
Bxd6 $15 47. Nd3 Kf6 48. Kf2 Bc5+ {Bl wants to keep a N on as the 7 pawns on
wh squares create a very bad Wh B,and the pawns themselves are targets. Wh
must always keep an eye on a possible g4 as well.} 49. Ke1 Ke6 (49... Bd4 {
Komodo13 looks too early}) 50. Bd1 Kd6 51. Ke2 Be6 52. Kf1 {instead Komodo13
keeps wanting to swap N for the c5 B. Engines are oten not that good at
drawing up very longterm plans.} Bd4 53. Be1 Nc5 54. Nc1 $2 {with all of Wh's
pieces now on the back rank, the defence has become precarious; and Wh was by
now living on increments} (54. Nxc5 Kxc5 {and the K infiltration creates
difficult problems. Komodo13 considers level.Wh can hold, but needs to play
actively to} 55. h4 gxh4 56. Bxh4 Kb4 (56... Bxc4+ 57. bxc4 Kxc4 58. Be1 Bc3
59. Bxc3 Kxc3 60. g4 fxg3 61. f4 Kd4 62. f5 $18) 57. Be1+ Ka3 58. Ke2 b5 59.
Kd3 b4 60. Bh4 Bb6 61. Kc2 Ka2 62. Bf6 Bc7 63. Be7 $11 {Komodo13} Bxc4 $2 {
will lose because Wh gains play elsewhere} 64. bxc4 b3+ 65. Kd3 b2 66. Bc2 b1=Q
67. Bxb1+ Kxb1 68. c5 $18) 54... Be3 55. Na2 $2 (55. Ne2 {is a little better,
but the Wh pieces are getting in each others way.} Nd3 56. Bc3 g4 $19 57. hxg4
hxg4 58. fxg4 (58. Bc2 Nb4 59. Bd1 gxf3 60. gxf3 Bh3+ 61. Ke1 Nd3#) 58... Nf2
59. Ke1 Bc5 (59... Nxg4 60. Bb2 $17) (59... Nxe4 60. Bc2 Nxc3 61. Nxc3 Bxg4 62.
Ne4+ {and the N can only be got rid of by ceding opposite colour Bs}) 60. Bc2
Nxg4 61. Nc1 Ne3 $19 {Komodo13}) 55... Nxa4 $19 56. h4 gxh4 57. Bxh4 Nb2 58.
Be2 Kc5 (58... Bd2) (58... b5 59. cxb5 Bxb3 60. Nc3 Bd4 61. Nb1 a4 62. bxc6 Nc4
63. Bd8 Kxc6 $19 {Komodo13}) 59. g4 hxg4 (59... fxg3 $19 {also}) 60. fxg4 Kd4 (
60... a4 61. bxa4 f3 62. Bxf3 Bxc4+ {Komodo13}) 61. Bf3 Nxc4 {the Wh pawns are
going one by one} 62. Be1 Nd6 (62... Nd2+ 63. Bxd2 Bxd2 64. Bd1 Kxe4 {
Komodo13- Bl has several ways}) 63. Bc3+ Kd3 64. Bxe5 Nxe4 65. Be2+ Kc2 66. Bc4
Nd2+ (66... f3 $1 {quickest- Komodo13}) 67. Kg2 Nxc4 (67... f3+ 68. Kh3 Bxc4
69. Bg3 Bxb3 {Komodo13}) 68. bxc4 Bxg4 69. Nc3 f3+ 0-1

[Event "North Wales Open"]
[Site "Llandudno"]
[Date "2019.06.22"]
[Round "2.11"]
[White "Dewangan, Aayush"]
[Black "Patrick, David A"]
[Result "0-1"]
[WhiteElo "1398"]
[BlackElo "1878"]
[Annotator "kemen"]
[PlyCount "132"]
[EventDate "2019.06.22"]
[EventRounds "5"]
[EventCountry "WLS"]

1. e4 e6 2. d4 d5 3. Nd2 Nf6 4. e5 Nfd7 5. f4 c5 6. c3 Nc6 7. Ndf3 f6 (7... Qb6
) (7... cxd4 {main lines}) 8. g3 {scores better than the main} (8. Bd3) 8...
cxd4 9. cxd4 Bb4+ (9... Qb6 {transposes to another main line}) 10. Kf2 fxe5 (
10... O-O 11. Kg2) 11. dxe5 (11. fxe5 O-O 12. Kg2 Be7 {90% for Wh} (12... Qb6 {
71% for Wh})) 11... Nc5 12. Ng5 $146 (12. Kg2 $14 Ne4 13. Bd3 (13. h4 Bc5 14.
Nh3 h6 15. Bd3 O-O 16. Nd2 Nxd2 17. Bxd2 Bd7 18. Rc1 Bb6 19. Qg4 Qe8 20. Ng5
Nxe5 21. fxe5 Rf2+ 22. Kh3 Rxd2 23. Nh7 Qf7 24. Rhf1 h5 25. Qg5 Rf2 26. Nf6+
Rxf6 27. Rxf6 Qe8 28. Rg6 Qf8 29. Rf1 Bf2 30. Rf6 {Peredy-Tschedemnig,
Liechtenstein op, Triesen 2014,1-0}) 13... Qb6 14. Bxe4 dxe4 15. Ng5 Bd7 16.
Ne2 e3 17. Qd3 Bc5 18. a3 Ne7 19. b4 {Chesnokov-Tulupov, Novosibirsk april op
2010,1-0}) 12... O-O $15 13. Qh5 $2 Ne4+ (13... Qxg5 $1 14. Qxg5 Ne4+ 15. Kg2
Nxg5 16. fxg5 Nxe5 $19 {Komodo13}) 14. Nxe4 dxe4 $19 15. Qe2 Qd5 16. Bg2 Nxe5 (
16... Bc5+ 17. Ke1 Nd4 $19 {Fritz13 & Komodo13} 18. Qxe4 Qc4 19. Bd2 Nc2+ 20.
Kd1 Qxe4 21. Bxe4 Nxa1 $19) 17. Bxe4 $14 Qd4+ (17... Bc5+ 18. Kg2 Qc4 19. b3
Qxe2+ 20. Nxe2 $14 {both Engines}) 18. Kg2 Bc5 19. Nh3 $16 {both Engines} Nc4 (
19... Qc4) 20. Ng5 {Fritz13 Wh wins, definite Wh plus Komodo13} (20. Qc2 $18 {
Komodo13} Nd6 (20... h6 21. Rd1 {wins a N}) 21. Bxh7+ Kh8 22. Rd1) 20... g6 (
20... h6 21. Nf3 Ne3+ 22. Qxe3 Qxe3 23. Bxe3 Bxe3 24. Rhe1 $16) 21. Nf3 (21.
Rd1 $18 {both Engines} Ne3+ 22. Bxe3 Qxe3 23. Qc2 Be7 24. Bxg6 Bxg5 25. Rd3 Qb6
26. Bxh7+ Kg7 27. fxg5 e5 28. Rb3 $18 {Komodo13}) 21... Ne3+ 22. Qxe3 Qxe3 23.
Bxe3 Bxe3 24. Rhe1 $18 (24. Rad1 $18 {Komodo13}) 24... Bb6 25. Ne5 g5 $16 {
Fritz13} (25... Bd4 $16 {Komodo13}) 26. Nd3 (26. fxg5 Rf2+ 27. Kh3 Rxb2 28. Rf1
$18 {Komodo13}) 26... gxf4 27. Nxf4 e5 (27... Bd4 $14 {both Engines}) 28. Nd3 (
28. Bd5+ Kh8 29. Rxe5 $16 {Komodo13}) 28... Bd4 (28... Be6 $11 {Komodo13, Bl
must mobilize & feel happy to have survived from the middlegame}) 29. Rac1 (29.
Nxe5) 29... Be6 30. Rc7 Rac8 (30... Rf7 $11) 31. Bxh7+ (31. Re7 $14) 31... Kh8
32. Rxc8 (32. Rec1) 32... Rxc8 33. Be4 Bxa2 34. Nc1 (34. Bxb7 Rc2+ 35. Kh3 Bxb2
36. Nxe5 Kg7 $14 {Komodo13- Bl's2 Bs will probably hold the game}) 34... Be6
35. Bxb7 Rc2+ 36. Ne2 {selfpins are often dangerous, as then the opponent gets
to have another move next} (36. Kf3 Rxb2 $17) 36... Rxb2 $19 37. Be4 Bc3 (37...
Bc4 38. Bf3 (38. Kf3 Rb3+ 39. Kg4 Re3) 38... e4 39. Bxe4 Bxe2 $19 {Komodo13})
38. Rc1 Rxe2+ 39. Kf3 Bg4+ 40. Kxg4 Rxe4+ 41. Kf3 Rc4 $19 42. Ke2 Rc7 43. Kd3
Ba5 44. Ra1 Bb6 45. Re1 Re7 46. Kc4 e4 47. Kd5 e3 48. Kc4 Rf7 (48... Rd7 {cuts
the K off}) 49. Kd3 Rf2 50. h4 Rg2 51. Re2 Rxe2 52. Kxe2 a5 53. g4 a4 54. g5 a3
55. g6 a2 56. g7+ Kxg7 57. h5 a1=Q 58. h6+ Kxh6 {Stalemate might just be a
possibility} 59. Kd3 Kg5 (59... Qb2 60. Ke4 e2 61. Kf5 e1=Q 62. Kg4 Qe6+ 63.
Kf3 Qf2# {Komodo13}) 60. Ke2 Kf4 (60... Qb1 61. Kf3 Qf1+ 62. Ke4 (62. Kg3 Bc7#)
62... Qf5# {Komodo13. Engines are good at this calculation}) 61. Kd3 Qd4+ (
61... Qc1 62. Ke2 Qd2+ 63. Kf1 Qf2#) 62. Kc2 e2 63. Kb3 e1=Q 64. Ka3 Qec3+ (
64... Qdc3+ 65. Ka2 Qea1#) 65. Ka2 Qdd2+ (65... Qb2#) 66. Kb1 Qcc1# 0-1

[Event "North Wales Open"]
[Site "Llandudno"]
[Date "2019.06.22"]
[Round "3.1"]
[White "Surtees, Mike J"]
[Black "Ashton, Adam G"]
[Result "0-1"]
[WhiteElo "2112"]
[BlackElo "2325"]
[Annotator "kemen"]
[PlyCount "90"]
[EventDate "2019.06.22"]
[EventRounds "5"]
[EventCountry "WLS"]

1. c4 e5 2. Qc2 {avoiding mainline theory & preparing for some kind of Reverse
Sicilian} Nf6 3. e3 c6 (3... Nc6 4. a3 {main}) 4. Nf3 (4. b3 d5 5. Bb2 Bd6 6.
Nf3 Nbd7 7. Be2 O-O 8. d4 exd4 9. Bxd4 Qe7 10. Nbd2 Re8 11. h3 c5 12. Bb2 d4 {
Tribuiani-Vasiukov, Wld ch Seniors Condino 2009,0-1}) (4. Nc3 d5 5. cxd5 cxd5
6. Bb5+ Nc6 7. Nf3 e4 8. Ne5 Bd7 9. Nxd5 Nxd5 10. Qxe4 Nf6 11. Nxc6+ Nxe4 12.
Nxd8 Bxb5 {hrastarson-Johannesson, Taflfelag op , Reykjavik 2017,0-1}) 4... e4
5. Nd4 d5 6. Nc3 {this position has been analysed by Engines previously, & can
be found in several 100 games with colours reversed, mostly without the Q move
included.} Bc5 7. b3 (7. d3 {Komodo13.}) (7. Nb3 {is frequent with colours
reversed}) 7... O-O 8. h3 Re8 9. Bb2 Na6 10. a3 Nc7 (10... Bxd4 11. exd4 Nc7
$17 {Komodo13}) 11. Nce2 Bf8 12. c5 a5 (12... Nd7 13. b4 Ne5 14. Nf4 Qh4 $15 {
Komodo13}) 13. b4 axb4 14. axb4 Rxa1+ 15. Bxa1 $11 Bd7 16. Nc1 (16. Nf4) 16...
Qa8 17. Bc3 Rb8 18. Be2 b6 19. Ncb3 Na6 20. O-O (20. b5 {can be played} cxb5
21. c6 Bxc6 22. Nxc6 Qxc6 23. Nd4 Qc8 24. Nxb5 $11 {Komodo13}) 20... bxc5 21.
bxc5 (21. Ra1 c4 (21... cxd4 22. Rxa6 Qb7 23. Nxd4 Bxb4 24. Bxb4 Qxb4 25. Nxc6
$11) 22. Nc5 Bxc5 23. bxc5 Qb7 24. Ra5 $11 {Komodo13- a strange position})
21... Nxc5 $17 22. Na5 (22. Ra1 Qb7 23. Nxc5 Bxc5 24. Ra2 Qc8 $17 {Komodo13})
22... Rb6 23. Rc1 Na6 $19 (23... Nd3 24. Bxd3 exd3 25. Qxd3 c5 26. Nf3 Ra6 27.
Ra1 Ne4 $19 {also, Komodo13}) 24. Bxa6 Qxa6 (24... Rxa6 25. Nab3 c5 26. Ne2 Bb5
27. Re1 Bd3 $19 {even stronger; Komodo13}) 25. Ndb3 (25. Nab3 c5 26. Ba5 cxd4
27. Bxb6 Qxb6 28. Nxd4 Qa6 $17 {Komodo13}) 25... Qd3 (25... Rb5 {Komodo13} 26.
Nd4 (26. Ra1 c5 27. Nc4 Qb7 28. Nba5 Qc7 29. Ne5 Be8 30. Qa2 Qb6 $19) 26...
Rxa5 27. Bxa5 Qxa5 $19) 26. Qxd3 exd3 27. Bd4 (27. f3 $15) 27... Rb5 $19 28. f3
h5 (28... Ba3 29. Ra1 Bd6 30. Bc3 c5 $19) 29. g4 Ba3 30. Ra1 Bb4 31. Bc3 Bxc3
32. dxc3 c5 33. Ra2 c4 $19 34. Nd2 hxg4 (34... Nh7 {Komodo13} 35. gxh5 Ng5 36.
h4 Ne6 37. Kf2 Kh7 {and Wh is approaching Zugzwang}) 35. hxg4 g5 36. Kf2 Kg7
37. Kg3 Rb8 (37... Ne8 38. Kf2 Nc7 39. Kg3 Rb8 40. Kg2 Nb5 41. Nb1 Ra8 42. Ra1
Kf6 $19 {Komodo13}) 38. e4 dxe4 39. fxe4 (39. Naxc4 exf3 40. Ne5 Be6 41. c4 f2
42. Kxf2 Nxg4+ 43. Nxg4 Bxg4 $19) 39... Be6 (39... Ra8 40. e5 Nxg4 41. Ndxc4
Be6 42. Rd2 Rc8 43. Nd6 Rxc3 $19 {Komodo13}) 40. Nc6 (40. Naxc4 Rc8 41. Ra4
Nxg4 $19) 40... Rb5 (40... Rb3 $1 $19 {Komodo13}) 41. e5 (41. Nd4 $1 Rb7 (41...
Re5 42. Nxe6+ Rxe6 43. Kf3 Rc6 44. Ra5 Kg6 45. Ra7 $11) 42. Nxe6+ fxe6 43. Kf3
Rf7 44. Kg3 Nd7 45. Nxc4 Nc5 46. Nd2 Rf4 47. e5 Kg6 48. Ra5 Ne4+ 49. Nxe4 Rxe4
50. Ra2 Rxe5 51. Rd2 Re3+ 52. Kf2 Rh3 53. Kg2 Rh8 54. Rxd3 Rc8 $15 55. Rf3 $11
{Komodo13}) 41... Nd5 $19 42. Ne4 (42. Nd8 {best try} Nxc3 43. Nxe6+ fxe6 44.
Ra7+ Kg6 45. Nxc4 Rc5 46. Nd2 Rxe5 $19) 42... Rb3 (42... Nxc3 43. Nxc3 Rb3 $19)
43. Ra7 Nxc3 44. Nc5 (44. Nxg5 Ne4+ 45. Nxe4 d2+ 46. Kf4 d1=Q) 44... Ne4+ 45.
Nxe4 d2+ 0-1